Practical Exercises in Objective Type for Engineering and Medical College Entrance Examinations: (Record no. 228589)
[ view plain ]
| 000 -LEADER | |
|---|---|
| fixed length control field | 00483nam a22001577a 4500 |
| 005 - DATE AND TIME OF LATEST TRANSACTION | |
| control field | 20230831141712.0 |
| 008 - FIXED-LENGTH DATA ELEMENTS--GENERAL INFORMATION | |
| fixed length control field | 230831b ||||| |||| 00| 0 eng d |
| 040 ## - CATALOGING SOURCE | |
| Transcribing agency | AL |
| 041 ## - LANGUAGE CODE | |
| Language code of text/sound track or separate title | eng |
| 082 ## - DEWEY DECIMAL CLASSIFICATION NUMBER | |
| Edition number | 23 |
| Classification number | 574.02 |
| Item number | RAMP |
| 100 ## - MAIN ENTRY--PERSONAL NAME | |
| Personal name | RAMACHANDRA and others |
| 100 ## - MAIN ENTRY--PERSONAL NAME | |
| 9 (RLIN) | 131980 |
| 245 ## - TITLE STATEMENT | |
| Title | Practical Exercises in Objective Type for Engineering and Medical College Entrance Examinations: |
| Remainder of title | Biology |
| 650 ## - SUBJECT ADDED ENTRY--TOPICAL TERM | |
| Topical term or geographic name entry element | Biology |
| 9 (RLIN) | 131979 |
| 700 ## - ADDED ENTRY--PERSONAL NAME | |
| Personal name | RAMACHANDRA and others |
| 9 (RLIN) | 131978 |
| 942 ## - ADDED ENTRY ELEMENTS (KOHA) | |
| Source of classification or shelving scheme | Dewey Decimal Classification |
| Koha item type | Book |
| Withdrawn status | Lost status | Source of classification or shelving scheme | Damaged status | Not for loan | Collection code | Home library | Current library | Date acquired | Total Checkouts | Full call number | Barcode | Date last seen | Price effective from | Koha item type |
|---|---|---|---|---|---|---|---|---|---|---|---|---|---|---|
| Discarded | Dewey Decimal Classification | Others | St Aloysius Library | St Aloysius Library | 08/31/2023 | 574.02 RAMP | 042132 | 08/31/2023 | 08/31/2023 | Book |